Türkiye solunda Osmanlı toplum yapısı tartışmaları / (Kayıt no. 10137)
[ düz görünüm ]
| 000 -BAŞLIK | |
|---|---|
| Sabit Uzunluktaki Kontrol Alanı | 00793nam a22002417a 4500 |
| 003 - KONTROL NUMARASI KİMLİĞİ | |
| Kontrol Alanı | KOHA_MİRAKIL |
| 005 - EN SON İŞLEM TARİHİ ve ZAMANI | |
| Kontrol Alanı | 20260407075500.0 |
| 008 - SABİT UZUNLUKTAKİ VERİ ÖGELERİ - GENEL BİLGİ | |
| Sabit Alan | 260401b tu ||||| |||| 00| 0 tur d |
| 020 ## - ISBN - ULUSLARARASI STANDART KİTAP NUMARASI | |
| Isbn | 9789755339276 |
| 040 ## - KATALOGLAMA KAYNAĞI | |
| Özgün Kataloglama Kurumu | TR-AnABB |
| Kataloglama Dili | tur |
| Çeviri Kurumu | TR-AnABB |
| 041 ## - DİL KODU | |
| Metin ya da ses kaydının dil kodu | tur |
| 082 ## - DEWEY ONU SINIFLAMA SİSTEMİ | |
| Sınıflama Numarası | 320.53109561 |
| Cutter numarası | AKK 2020 |
| 100 1# - KİŞİ ADI | |
| Yazar Adı (Kişi adı) | Akkurt, Halil |
| 245 10 - ESER ADI BİLDİRİMİ | |
| Başlık | Türkiye solunda Osmanlı toplum yapısı tartışmaları / |
| Sorumluluk Bildirimi | Halil Akkurt |
| 246 ## - DEĞİŞİK BAŞLIK FORMU | |
| Başlık uygun / kısa başlık | 1960-1980 |
| 250 ## - BASIM BİLDİRİMİ | |
| Basım Bildirimi | 1. baskı |
| 260 ## - YAYIN, DAĞITIM, VB. | |
| Yayın Yeri | Ankara : |
| Yayınevi | İmge Kitabevi, |
| Yayın Tarihi | 2020 |
| 300 ## - FİZİKSEL TANIMLAMA | |
| Sayfa, Cilt vb. | 476 sayfa ; |
| Boyutları | 20 cm |
| 500 ## - GENEL NOT | |
| Genel Not | Türk Sosyal Bilimler Derneği 2019 Genç Sosyal Bilimciler ödülü (Doktora tezi kategorisinde) |
| 650 04 - KONU BAŞLIĞI EK GİRİŞ - KONU TERİMİ | |
| Konusal terim veya coğrafi ad | Türkiye'de Sosyalist Düşünce Tarihi |
| 900 ## - YEREL BİLGİ | |
| Kontrol | Can ÇELIK |
| 942 ## - EK GİRİŞ ÖGELERİ (KOHA) | |
| Sınıflama Kaynağı | Dewey Decimal Classification |
| Materyal Türü | Kitap |
| Geri Çekilme Durumu | Kayıp Durumu | Sınıflandırma Kaynağı | Kredi için değil | Kalıcı Konum | Mevcut Konum | Kayıt Tarih | Toplam Ödünçverme | Yer Numarası | Demirbaş Numarası | Son Görülme Tarihi | Fatura Tarihi | Materyal Türü |
|---|---|---|---|---|---|---|---|---|---|---|---|---|
| Dewey Decimal Classification | Prof. Dr. Ruşen Keleş Kütüphanesi | Prof. Dr. Ruşen Keleş Kütüphanesi | 01/04/2026 | 320.53109561 AKK 2020 | RK7003 | 01/04/2026 | 01/04/2026 | Kitap |
